000 00563nam a2200193Ia 4500
005 20250326141727.0
008 250326s9999 xx 000 0 und d
020 _a0-631-16604-1
037 _aTextbook
040 _aFMSL
_beng
_cFMSL
041 _aeng
_2eng
084 _aX.1 N0
_qFMSL
100 _aHeffer Shelagh
_9744964
245 0 _aModern international economics
_cHeffer Shelagh; Sinclair Peter
260 _aUnited Kingdom
_bUnited Kingdom, Basil Blackwell
_c1990
300 _aix,334
942 _cTB
_hX.1 N0
999 _c1291679
_d1291679